ბათუმის შოთა რუსთაველის სახელმწიფო უნივერსიტეტის ბიბლიოთეკა

The Art Therapy Way: A Self-Care Guide: (ბიბ.ჩანაწერი № 62300)

000 -LEADER
fixed length control field 01050nam a22002297a 4500
005 - DATE AND TIME OF LATEST TRANSACTION
control field 20240920105538.0
008 - FIXED-LENGTH DATA ELEMENTS--GENERAL INFORMATION
fixed length control field 240920s2022 enk||||| |||| 00| 0 eng d
020 ## - INTERNATIONAL STANDARD BOOK NUMBER
International Standard Book Number 9798845833723x
041 ## - LANGUAGE CODE
Language code of text/sound track or separate title eng
080 ## - UNIVERSAL DECIMAL CLASSIFICATION NUMBER
Universal Decimal Classification number 615.851+159 A-72
100 ## - MAIN ENTRY--PERSONAL NAME
Personal name Arden, Kendyl
9 (RLIN) 23255
245 ## - TITLE STATEMENT
Title The Art Therapy Way: A Self-Care Guide:
Remainder of title 30 minute art therapy activities to calm anxiety, improve mood, de-stress, and connect to your inner voice
Statement of responsibility, etc. Kendyl Arden.
264 ## - PRODUCTION, PUBLICATION, DISTRIBUTION, MANUFACTURE, AND COPYRIGHT NOTICE
Place of production, publication, distribution, manufacture London,
Date of production, publication, distribution, manufacture, or copyright notice 2022.
300 ## - PHYSICAL DESCRIPTION
Extent 235.;
Other physical details 22 cm.
653 ## - INDEX TERM--UNCONTROLLED
keyword არტ თერაპია
653 ## - INDEX TERM--UNCONTROLLED
keyword 30 წუთიანი არტთერაპიის აქტივობები შფოთვის დასამშვიდებლად
653 ## - INDEX TERM--UNCONTROLLED
keyword განწყობის გასაუმჯობესებ
653 ## - INDEX TERM--UNCONTROLLED
keyword განმუხტვა და შინაგან ხმასთან დასაკავშირება
653 ## - INDEX TERM--UNCONTROLLED
keyword მედიცინა
653 ## - INDEX TERM--UNCONTROLLED
keyword ფსიქოლოგია
942 ## - ADDED ENTRY ELEMENTS (KOHA)
Source of classification or shelving scheme
Koha item type წიგნი
ეგზემპლარები
Withdrawn status Lost status Source of classification or shelving scheme Damaged status Not for loan Permanent Location Current Location Shelving location Date acquired Cost, normal purchase price Full call number Barcode Date last seen Copy number Price effective from Koha item type Public note
          ბათუმის შოთა რუსთაველის სახელმწიფო უნივერსიტეტის მთავარი ბიბლიოთეკა ბათუმის შოთა რუსთაველის სახელმწიფო უნივერსიტეტის მთავარი ბიბლიოთეკა წიგნსაცავი 2024-09-20 90.00 615.851+159 A-72 68882 2024-09-20 68882 2024-09-20 წიგნი 90 ლ.